00666nam a2200169 a 450000100100000000500170001000800410002704000250006808200090009324500700010226001440017230000200031670000250033604900090036195201090037099900170047900003077020200930062511.0110527s1994 000 spa d aDO-SdBNPbspacBNPHU axxxx00aTemas para la agenda política nacional /ceditora Ramón Brea. aSanto Domingo :bPontificia Universidad Católica Madre y Maestra, Centro Universitario de Estudios Políticos y Sociales (CUEPS),c1994. a39 p. ;c22 cm.1 aBrea, Ramón957332 aBNPD 001050718MOaPDbPDcCTd2011-05-27iLF1l0oxxxx p30770-10r2020-06-25w2020-06-25y1ZNo se presta c30262d30262